Elements Of Mechanical Engineering (Record no. 302429)

MARC details
000 -LEADER
fixed length control field 00389nam a2200157Ia 4500
008 - FIXED-LENGTH DATA ELEMENTS--GENERAL INFORMATION
fixed length control field 230718s9999 xx 000 0 und d
041 ## - LANGUAGE CODE
Language code of text/sound track or separate title eng
082 ## - DEWEY DECIMAL CLASSIFICATION NUMBER
Classification number 621
Item number CHA
100 ## - MAIN ENTRY--PERSONAL NAME
Personal name Chavan D.K.
245 ## - TITLE STATEMENT
Title Elements Of Mechanical Engineering
260 ## - PUBLICATION, DISTRIBUTION, ETC. (IMPRINT)
Date of publication, distribution, etc. 2001
Name of publisher, distributor, etc. Technova
300 ## - PHYSICAL DESCRIPTION
Extent 291
365 ## - TRADE PRICE
Currency code Rs.
Price amount 175.00
700 ## - ADDED ENTRY--PERSONAL NAME
Personal name Chavan D.K.
906 ## - LOCAL DATA ELEMENT F, LDF (RLIN)
d B:52131-Oct-2001
c ALLIED
b 26.25
Holdings
Withdrawn status Lost status Damaged status Not for loan Home library Current library Date acquired Vendor Budget Code Cost, normal purchase price Bill number Full call number Barcode Date last seen Discount Cost, replacement price Bill Date Koha item type Original Barcode
Withdrawn       Cummins College of Engineering for Women Pune Cummins College of Engineering for Women Pune 01/11/2001 SNJA ALLIED 148.75 521 621 CCEP-BK-13636 18/07/2023 26.25 175.00 31/10/2001 Books 013636